000 00691nam a22001937a 4500
005 20141210103133.0
008 141210b xxu||||| |||| 00| 0 eng d
020 _a9712718069
020 _a9789712718083
050 _aPN 4748.P6
_b.P932 2006
245 _aPrize journalism :
_ba collection of Jaime V. Ongpin Award winners /
_cRachel E. Khan, editor.
260 _aManila, Philippines :
_bAnvil,
_cc2006.
300 _a333 pages :
_c22 cm.
650 _aJaime V. Ongpin Awards for Excellence in Journalism.
650 _aJournalism
_xPhilippines
_xAwards.
650 _aInvestigative reporting
_xPhilippines.
650 _aReporters and reporting
_xPhilippines.
942 _2lcc
_cBK
_kFIL
999 _c276905
_d276905